Palaces of Europe - Hard Edition - Statistics

General Stats
  • This quiz has been taken 20 times
  • The average score is 2 of 12
Answer Stats
Picture Answer % Correct
Doge's Palace
69%
Catherine Palace
31%
Pitti Palace
31%
Drottningholm Palace
25%
Pena Palace
25%
Amalienborg Palace
19%
Christiansborg Palace
6%
Luxembourg Palace
6%
Menshikov Palace
6%
Royal Palace of Oslo
6%
Yusupov Palace
6%
Château de Fontainebleau
0%
No matching quizzes found
Score Distribution
Percent of People with Each Score
Percentile by Number Answered
Your Score History
You have not taken this quiz